000 00431nam a2200145Ia 4500
008 151213s9999 xx 000 0 und d
100 _aDr. M. Shahidullah & Jahurul Islam
245 _aEnglish for Today
_cDr. M. Shahidullah & Jahurul Islam
260 _aDhaka
_bNational Curriculam & Textbook
_c2003
300 _a2349 p.
650 _aEnglish
650 _aEnglish
700 _aDr. M. Shahidullah & Jahurul Islam
999 _c1659
_d1659